00329nam a22001217a 4500082002700000100002400027245004600051250000900097260003700106300001900143526003700162650000800199 a692.1bMITcL-14, P-20 aMitchell, George A. aBuilding constructioncGeorge A. Mitchell a18th aLondonbB. T. Batsford Ltdc1946 aviii, 528 p. : a0b0c0d692_100000000000000_MIT aMCE